• 首页
  • 本馆介绍
  • 公告通知
  • 最新文献
  • 馆藏检索
  • 电子资源
  • 读者荐购
  • 参考咨询
  • CALIS
  • 我的图书馆
  • 登录
  • 详细信息显示
  • 放入我的书架
  • 预约/预借图书
  • 作者相关作品
  • 分类相关作品
  • 丛书相关作品
  • 出版社相关作品

书目信息

  • 表格格式
  • 工作单格式
  • 卡片格式
题名:
党旗在我心中
    
 
作者: ;中共青海省委 , 中共青海省委 , 中共青海省委 编
分册:  
出版信息: 西宁   青海人民出版社  2021.07
页数: 324页
开本: 24cm
丛书名:
单 册:
中图分类: D263
科图分类:
主题词:
电子资源:
ISBN: 978-7-225-06172-6
 
 
 
 
 
000 01378nam0 2200277 450
001 CAL 0120217215879
005 20210805143240.5
010    @a978-7-225-06172-6@dCNY68.00
100    @a20210803d2021 em y0chiy0120 ea
101 0  @achi
102    @aCN@b630000
105    @ay z 000yd
106    @ar
200 1  @a党旗在我心中@Adang qi zai wo xin zhong@e青海百名共产党员的故事@f中共青海省委党史学习教育领导小组办公室, 中共青海省委组织部, 中共青海省委宣传部编
210    @a西宁@c青海人民出版社@d2021.07
215    @a324页@d24cm
300    @a谨以此书献给中国共产党成立100周年
330    @a本书采用口述史的创作手法, 以青海100名优秀共产党员真实感人的经历为切入点, 记录了他们入党的初心及成为党员后在生活、工作中发生的平凡而感人的故事。主要内容包括: 向前走, 都不能忘记走过的路 ; 初心, 成长岁月中的本色等。
517 1  @a青海百名共产党员的故事@Aqing hai bai ming gong chan dang yuan de gu shi
601 02 @a中国共产党@Azhong guo gong chan dang@x党员@x先进事迹@y青海
690    @aD263@v5
711 02 @a中共青海省委@Azhong gong qing hai sheng wei@b党史学习教育领导小组办公室@Bdang shi xue xi jiao yu ling dao xiao zu ban gong shi@4编
711 02 @a中共青海省委@Azhong gong qing hai sheng wei@b组织部@Bzu zhi bu@4编
711 02 @a中共青海省委@Azhong gong qing hai sheng wei@b宣传部@Bxuan chuan bu@4编
801  0 @aCN@b人天书店@c20210803
905    @aTSG@b0001423@dD263@eZ527@f2
    
    党旗在我心中:青海百名共产党员的故事/中共青海省委党史学习教育领导小组办公室, 中共青海省委组织部, 中共青海省委宣传部编.-西宁:青海人民出版社,2021.07
    324页;24cm
    谨以此书献给中国共产党成立100周年
    
    ISBN 978-7-225-06172-6:CNY68.00
    本书采用口述史的创作手法, 以青海100名优秀共产党员真实感人的经历为切入点, 记录了他们入党的初心及成为党员后在生活、工作中发生的平凡而感人的故事。主要内容包括: 向前走, 都不能忘记走过的路 ; 初心, 成长岁月中的本色等。
●
相关链接 在E读中查询图书 在当当中查询图书 在豆瓣中查询图书


正题名:党旗在我心中     索取号:D263/Z527         预约/预借

序号 登录号 条形码 馆藏地/架位号 状态 备注
1 1536716   215367163   社科库509/509社科库 69排7列6层/ [索取号:D263/Z527] 在馆    
2 1536717   215367172   社科库509/509社科库 69排7列6层/ [索取号:D263/Z527] 在馆    
河南城建学院图书馆 欢迎您!
大连网信软件有限公司© 版权所有